Super Bowl - Pick the Winner - Statistics

General Stats
  • This quiz has been taken 637 times
    47 since last reset
  • The average score is 49 of 60
Answer Stats
Question Answer % Correct
I Green Bay Packers
97%
II Green Bay Packers
95%
IV Kansas City Chiefs
92%
XI Oakland Raiders
92%
IX Pittsburgh Steelers
92%
XVI San Francisco 49ers
92%
50 Denver Broncos
90%
LIV Kansas City Chiefs
90%
LVI Los Angeles Rams
90%
VIII Miami Dolphins
90%
XLIX New England Patriots
90%
XXV New York Giants
90%
LX Seattle Seahawks
90%
XXVI Washington Redskins
90%
XXVII Dallas Cowboys
87%
XXVIII Dallas Cowboys
87%
LVII Kansas City Chiefs
87%
XXXVIII New England Patriots
87%
LI New England Patriots
87%
XV Oakland Raiders
87%
X Pittsburgh Steelers
87%
XIV Pittsburgh Steelers
87%
XIX San Francisco 49ers
87%
XXIII San Francisco 49ers
87%
XXIX San Francisco 49ers
87%
XLI Indianapolis Colts
85%
LVIII Kansas City Chiefs
85%
XXXVI New England Patriots
85%
LII Philadelphia Eagles
85%
LIX Philadelphia Eagles
85%
XLIII Pittsburgh Steelers
85%
XXXIV St. Louis Rams
85%
XII Dallas Cowboys
82%
XXXIII Denver Broncos
82%
XLV Green Bay Packers
82%
LIII New England Patriots
82%
III New York Jets
82%
LV Tampa Bay Buccaneers
82%
XLVII Baltimore Ravens
79%
XX Chicago Bears
79%
XLVI New York Giants
79%
XXIV San Francisco 49ers
79%
XLIV New Orleans Saints
77%
XL Pittsburgh Steelers
77%
XLVIII Seattle Seahawks
77%
VI Dallas Cowboys
74%
XXXIX New England Patriots
74%
XXI New York Giants
74%
XVII Washington Redskins
74%
XXXV Baltimore Ravens
72%
XLII New York Giants
72%
XXXVII Tampa Bay Buccaneers
72%
V Baltimore Colts
67%
XXXI Green Bay Packers
67%
VII Miami Dolphins
67%
XIII Pittsburgh Steelers
67%
XXX Dallas Cowboys
64%
XXXII Denver Broncos
64%
XVIII Los Angeles Raiders
64%
XXII Washington Redskins
59%
No matching quizzes found
Score Distribution
Percent of People with Each Score
Percentile by Number Answered
Your Score History
You have not taken this quiz since the last reset